Γυναίκα και απασχόληση : δέκα ζητήματα
Αποθηκεύτηκε σε:
| Κύριος συγγραφέας: | |
|---|---|
| Μορφή: | Βιβλίο |
| Γλώσσα: | Greek |
| Δημοσίευση: |
Αθήνα :
Gutenberg,
1993
|
| Σειρά: | Κοινωνιολογική & ανθρωπολογική βιβλιοθήκη Gutenberg
|
| Θέματα: | |
| Ετικέτες: |
Προσθήκη ετικέτας
Δεν υπάρχουν, Καταχωρήστε ετικέτα πρώτοι!
|
MARC
| LEADER | 00000cam a2200000 i 4500 | ||
|---|---|---|---|
| 001 | 1/63166 | ||
| 008 | 960606s1993 gre d | ||
| 020 | |a 960-01-0413-1 | ||
| 035 | |a 1998 |b 1 |c ΚΠΣ/Δημοτικής Εκπαίδευσης |l 10029204 | ||
| 035 | |a 1997 |b 3 |c ΒΙΤΣΙΛΑΚΗ | ||
| 040 | |a GR-MY-UA |b gre |e aacr | ||
| 041 | 0 | |a gre | |
| 082 | 0 | |a 305.43 | |
| 100 | 0 | |a Μουσούρου, Λουκία Μ. | |
| 245 | 1 | 0 | |a Γυναίκα και απασχόληση : |b δέκα ζητήματα / |c Λουκία Μ. Μουσούρου |
| 260 | |a Αθήνα : |b Gutenberg, |c 1993 | ||
| 300 | |a 208 σ. | ||
| 490 | 1 | |a Κοινωνιολογική και ανθρωπολογική βιβλιοθήκη | |
| 504 | |a Περιέχει βιβλιογραφία | ||
| 650 | 0 | 0 | |a Women |x Employment. |
| 830 | 0 | |a Κοινωνιολογική & ανθρωπολογική βιβλιοθήκη Gutenberg | |
| 852 | |a INST |b CHIOS |e 19990921 |h 305.43 ΜΟΥ |p 005200014237 |q 005200014237 |t BK |y 0 | ||
| 852 | |a INST |b CHIOS |e 19960606 |h 305.43 ΜΟΥ |p 005200029442 |q 005200029442 |t BK |y 0 | ||
| 852 | |a INST |b LESVOS |e 20181121 |h 305.43 ΜΟΥ |p 005100060639 |q 005100060639 |t BK |y 0 | ||
| 852 | |a INST |b RHODES |e 19980605 |h 305.43 ΜΟΥ |p 005400006671 |q 005400006671 |t BK |y 0 | ||
| 852 | |a INST |b RHODES |e 19980401 |h 305.43 ΜΟΥ |p 005400010852 |q 005400010852 |t BK |y 0 | ||
| 852 | |a INST |b RHODES |e 20001110 |h 305.43 ΜΟΥ |p 005400017522 |q 005400017522 |t BK |y 0 | ||
| 901 | |a BIBL-1998-1 | ||
| 909 | |a Χ |b 036784 | ||
| 909 | |a Χ |b 061214 | ||
| 909 | |a Ρ |b 053125 |c 1998 | ||
| 909 | |a Ρ |b 051769 |c 1998 | ||
| 909 | |a Ρ |b 081121 |c 2000 | ||
| 922 | |a 2ΕΛΗ |b 199811 |c ΣΤΟΓΙΑΝΝΙΔΟΥ |d EMVASIS | ||
| 922 | |a 4ΕΛΗ |b 200010 |c 096 | ||